La iglesia en una sociedad pluralista y democratica
Wedi'i Gadw mewn:
| Prif Awdur: | |
|---|---|
| Fformat: | Llyfr |
| Iaith: | Sbaeneg |
| Cyhoeddwyd: |
Madrid
Fundación Santa María
1984
|
| Rhifyn: | 2a. ed |
| Cyfres: | Cátedra de Teología Contemporánea. Curso de Eclesiología, 8
|
| Pynciau: | |
| Tagiau: |
Ychwanegu Tag
Dim Tagiau, Byddwch y cyntaf i dagio'r cofnod hwn!
|
MARC
| LEADER | 00000nam a2200000 a 4500 | ||
|---|---|---|---|
| 001 | UCW9222 | ||
| 003 | CL-VaPUC | ||
| 008 | 881221e19840000SP |||||||||||||||||spa|d | ||
| 082 | 0 | 4 | |a 262 |b INI |2 21 |
| 100 | |a Iniesta Jiménez, Alberto |e author |9 444295 | ||
| 245 | 1 | 3 | |a La iglesia en una sociedad pluralista y democratica |
| 250 | |a 2a. ed | ||
| 300 | |a 61 p | ||
| 942 | |c BK | ||
| 945 | |d 19881221 00:00:00 | ||
| 260 | |a Madrid |b Fundación Santa María |c 1984 | ||
| 650 | 0 | |a Iglesia |9 255004 | |
| 650 | 7 | |a IGLESIA Y PROBLEMAS SOCIALES |2 CL-VaPUC |9 256615 | |
| 583 | |a last modification |c 19881221 00:00:00 |k Rodrigo Vera | ||
| 490 | 0 | |a Cátedra de Teología Contemporánea. Curso de Eclesiología, 8 | |
| 999 | |c 221245 |d 221243 | ||
| 952 | |0 0 |1 0 |4 0 |6 262_000000000000000_INI_1984 |7 0 |8 A |9 214361 |a BIBTEO |b BIBTEO |d 2019-11-15 |i 2829851 |o 262 INI 1984 |p 2829851 |r 2025-01-17 |w 2019-11-15 |y BK |k ICR | ||